10 самых известных русских людей в мире (кроме Путина) - Statistics

General Stats
  • This quiz has been taken 410 times
  • The average score is 1 of 10
Answer Stats
Годы жизни Ответ % Correct
1870-1924 Владимир Ленин
95%
1869-1916 Григорий Распутин
18%
1899-1977 Владимир Набоков
8%
1987-... Мария Шарапова
5%
1988-... Хабиб Нурмагомедов
5%
1919-2013 Михаил Калашников
5%
1982-... Наталья Водянова
1%
1948-... Михаил Барышников
0%
1965-... Михаил Прохоров
0%
1965-... Евгений Касперский
0%
No matching quizzes found
Score Distribution
Percent of People with Each Score
Percentile by Number Answered
Your Score History
You have not taken this quiz